Um osso na garganta (Registo nº 1505)

Detalhes MARC
000 -Etiqueta do registo
Cabeçalho 00753nam0a2200265 4500
005 - Identificador da versão
Campo de controlo 20240813121838.0
010 ## - Número internacional normalizado dos livros (ISBN)
Número (ISBN) 9724305791
021 ## - Número do Depósito Legal
Código do país PT
Número 178131/02
100 ## - Dados gerais de processamento
Dados gerais de processamento 20150608d2002 m y0pory5003 ba
102 ## - Pais de publicação ou produção
País de publicação Portugal
101 1# - Língua de publicação
Língua do texto, banda sonora, etc. Português
Língua do documento no original Inglês
215 ## - Descrição física 
Indicação específica da natureza do documento e extensão da espécie 338, [1] p.
200 1# - Titulo e menção de responsabilidade
Título próprio Um osso na garganta
Primeira menção de responsabilidade Anthony Bourdain
Outras menções de responsabilidade trad. Paula Gonçalves
225 2# - Colecção 
Título próprio da colecção Gin tonic
205 ## - Menção da edição
Menção da edição 1ª ed
210 ## - Publicação, Distribuição, etc. 
Lugar da edição, distribuição, etc. Porto
Nome do editor, distribuidor, etc. Ambar
Data da publicação, distribuição, etc. 2002
606 ## - Nome comum usado como assunto
Número de registo de entrada de autoridade 0002271
Palavra de ordem Literatura americana
Subdivisão de assunto Romances policiais
Código do sistema CA
675 ## - Classificação Decimal Universal (CDU)
Notação 821.111(73)-312.4
Edição 3ª ed.
Língua da edição por
702 #1 - Nome de autor-pessoa física (responsabilidade secundária)
Número de registo de entrada de autoridade 0001901
Palavra de ordem Gonçalves
Outra parte do nome não tomada para palavra de ordem Paula
Código de função Tradutor
700 #1 - Nome de autor-pessoa física (responsabilidade principal)
Número de registo de entrada de autoridade 0002268
Palavra de ordem Bourdain
Outra parte do nome não tomada para palavra de ordem Anthony
Datas 1956-
966 ## - Identificação da Biblioteca
Sigla EB2,3ENM
942 ## - Elementos de entrada adicionados (Koha)
Tipo de item no Koha Livro
Exemplares
Situação do levantamento Origin of item (home branch) (coded) Biblioteca de empréstimo Código de barras Cota Circulation type (not for loan) Tipo de documento Nota do exemplar Damaged status
  Biblioteca Escolar Eng. Nuno Mergulhão Biblioteca Escolar Eng. Nuno Mergulhão BENM3545 82LE-3 BOU   Livro Sem mensagem